| 000 | 00743nam a22002537a 4500 | ||
|---|---|---|---|
| 005 | 20170123162355.0 | ||
| 010 | _aA-998721 | ||
| 020 | _c50.00 | ||
| 035 | _aA-998721 | ||
| 037 | _bCen Lib/Ret | ||
| 040 |
_aDPL _bUR |
||
| 082 |
_aک - _bک ر ش |
||
| 100 |
_aچندر، کرشن _9138705 |
||
| 245 |
_a/ ان داتا _cکرشن چندر |
||
| 246 |
_aAn-data / _bby Krishna Chandra |
||
| 260 |
_aدحلی _bاشیا پبلشرز _c1999 |
||
| 270 |
_aسیکٹر ٩ روحی نی _bدحلی _e110085 |
||
| 300 |
_a148p. _c16cm(Hb) |
||
| 650 |
_aاردو ادب _9138706 |
||
| 650 |
_aمختصر کہانیان _9116979 |
||
| 650 |
_aUrdu literature _9138707 |
||
| 650 |
_aShort stories _944 |
||
| 942 |
_2ddc _cUR _h-ک _mک ر ش |
||
| 999 |
_c109526 _d109526 |
||